All Formula E Countries Vistited - Statistics

General Stats
  • This quiz has been taken 207 times
    40 since last reset
  • The average score is 19 of 25
Answer Stats
Appearances Answer % Correct
2 Spain
100%
10 Italy
97%
12 United Kingdom
97%
17 United States
97%
4 Brazil
94%
4 France
94%
20 Germany
94%
3 Japan
94%
7 China
91%
12 Mexico
88%
3 Argentina
85%
2 Canada
85%
15 Saudi Arabia
85%
2 Switzerland
82%
10 Monaco
74%
1 Russia
74%
1 India
71%
3 Chile
68%
2 South Korea
68%
1 South Africa
59%
2 Malaysia
56%
5 Morocco
56%
4 Indonesia
53%
3 Uruguay
47%
4 Hong Kong
26%
No matching quizzes found
Score Distribution
Percent of People with Each Score
Percentile by Number Answered
Your Score History
You have not taken this quiz since the last reset